|
|
|
|
| LEADER |
01492nam a2200373 a 4500 |
| 001 |
28570 |
| 003 |
BD-DhAAL |
| 005 |
20141202145845.0 |
| 008 |
141202s2012 inu b 001 0 eng |
| 010 |
|
|
|a 2012014017
|
| 020 |
|
|
|a 9781603848497 (cloth)
|
| 020 |
|
|
|a 9781603848480 (pbk.)
|
| 040 |
|
|
|a DLC
|c DLC
|d DLC
|d BD-DhAAL
|
| 041 |
1 |
|
|a eng
|h san
|
| 042 |
|
|
|a pcc
|
| 043 |
|
|
|a a-ii---
|
| 050 |
0 |
0 |
|a JA84.I4
|b K3813 2012
|
| 082 |
0 |
0 |
|a 320.0934
|2 23
|
| 100 |
0 |
|
|a Kauṭalya.
|9 6439
|
| 240 |
1 |
0 |
|a Arthaśāstra.
|k Selections.
|l English
|
| 245 |
1 |
4 |
|a The Arthasastra :
|b selections from the classic Indian work on statecraft /
|c edited and translated, with an introduction, by Mark McClish and Patrick Olivelle.
|
| 260 |
|
|
|a Indianapolis, Ind. :
|b Hackett Pub. Co.,
|c 2012.
|
| 300 |
|
|
|a lxxxiii, 169 p. ;
|c 22 cm.
|
| 504 |
|
|
|a Includes bibliographical references and indexes.
|
| 541 |
|
|
|e 28570
|
| 650 |
|
0 |
|a Political science
|z India
|x History
|v Early works to 1800.
|9 6440
|
| 650 |
|
0 |
|a State, The
|v Early works to 1800.
|9 6441
|
| 651 |
|
0 |
|a India
|x Politics and government
|y To 997
|v Early works to 1800.
|9 6442
|
| 651 |
|
0 |
|a India
|x Social conditions
|v Early works to 1800.
|9 6443
|
| 700 |
1 |
|
|a McClish, Mark.
|9 6444
|
| 700 |
1 |
|
|a Olivelle, Patrick.
|9 5855
|
| 942 |
|
|
|2 ddc
|c BK
|
| 999 |
|
|
|c 33186
|d 33186
|
| 952 |
|
|
|0 0
|1 0
|2 ddc
|4 0
|6 320_093400000000000_ART
|7 0
|9 44301
|a BRACUL
|b BRACUL
|c GEN
|d 2014-12-02
|e Trim Education
|g 2250.00
|l 2
|m 5
|o 320.0934 ART
|p 3010028570
|r 2017-02-19
|s 2017-02-16
|t 1
|w 2014-12-02
|y BK
|